00509nam a22001457a 4500008004100000082001100041100001500052245006500067260002600132300000800158796001500166942001200181999001700193952015300210230929b |||||||| |||| 00| 0 eng d a105.32 aT.N. Ratho aEmerging Trends in Teaching of Computer SciencescT.N. Ratho aDelhibKanishkac1995 a375 aT.N. Ratho 2ddccBK c20283d20283 pbb 1354l0eDonatedr2025-05-17 00:00:00w2023-09-29yBK004070aMIETLIBbMIETLIBcBL-Academic Block B, FL-2, CUP-194, SH1, R-1d2023-09-2910HBB